九歌...散文選 . 一○七年

資料類型: Book 圖書   書目號:52935

Leader xxxxxxxxxx
001 __ PCLIS00052935
005 __ 20220613082306.0
010 0_ |a978-986-450-237-0|b平裝|dNT$400
042 __ |anbim
100 __ |a20190417d2019    m  y0chiy09      e
101 0_ |achi
102 __ |atw
105 __ |ac   z   000cd
200 1_ |a九歌...散文選|h一○七年|f胡晴舫主編
205 __ |a初版
210 __ |a臺北市|c九歌|d2019[民108]
215 0_ |a399面|c|d21公分
225 1_ |a九歌文庫|v1305
300 __ |a版權頁英文題名: Collected essays 2018
300 __ |a作者號取自題名
300 __ |a附錄: 一○七年年度散文紀事 / 杜秀卿
500 11 |a九歌散文選|m中文
516 11 |a散文|e九歌一○七年散文選|zchi
517 1_ |aCollected essays 2018|zeng
517 1_ |a九歌一○七年散文選|zchi
517 1_ |a九歌107年散文選|zchi
700 _1 |a|b晴舫|4主編
606 __ |2cst|a散文
681 __ |a855|b8677
681 __ |a855|b8458
801 _0 |atw|bLibDipper|c20190417|gCCR
801 _0 |atw|b內湖高中|c20190430|gCCR
801 _2 |atw|b內湖高中|c20220613|gCCR
詳細館藏(共 1 筆)
索 書 號登 錄 號冊次號館別 / 館藏地流通類型狀態加入預約清單電子資源
855 / 8677 1025800 2018 圖書館 / 一樓普通區 可外借30天 借出中(2025/11/22應還) 加入預約清單

  

| 條列資料




目錄查詢 分類查詢 個人資料 圖書薦購 新書查詢 閉館日 排行榜 更多電子資源 Hami書城 線上資料庫 登出

From : 216.73.217.87

  本日流通累計至 00:45:21 借閱 : 0 次 續借 : 0 次 歸還 : 0 次 預約 : 0 次 電子資源 : 0 次


內湖高中圖書館  PCLIS 版本  26.5.0.12